The machining of copper and its alloys (Record no. 548675)
[ view plain ]
| 000 -LEADER | |
|---|---|
| fixed length control field | 00397cam a22001331 4500 |
| 082 ## - DEWEY DECIMAL CLASSIFICATION NUMBER | |
| Classification number | 673.3 |
| Author Mark | COP |
| -- | L-17, P-60 |
| 100 1# - MAIN ENTRY--PERSONAL NAME | |
| Personal name | Hall kendais, |
| 9 (RLIN) | 45074 |
| 245 10 - TITLE STATEMENT | |
| Title | The machining of copper and its alloys |
| Remainder of title | Kendais hall. |
| 260 ## - PUBLICATION, DISTRIBUTION, ETC. | |
| Place of publication, distribution, etc. | England, |
| Name of publisher, distributor, etc. | C.d.a |
| Date of publication, distribution, etc. | c1953. |
| 300 ## - PHYSICAL DESCRIPTION | |
| Extent | 116 p. |
| Dimensions | 24 cm. |
| 526 ## - STUDY PROGRAM INFORMATION NOTE | |
| Program name | 0 |
| Interest level | 0 |
| Reading level | 0 |
| Title point value | 673_300000000000000_COP |
| 526 ## - STUDY PROGRAM INFORMATION NOTE | |
| Program name | 0 |
| Interest level | 0 |
| Reading level | 0 |
| Title point value | 673_300000000000000_COP |
| 942 ## - ADDED ENTRY ELEMENTS (KOHA) | |
| Source of classification or shelving scheme | |
| Koha item type | Book |
| Withdrawn status | Lost status | Source of classification or shelving scheme | Damaged status | Not for loan | Permanent Location | Current Location | Date acquired | Total Checkouts | Full call number | Barcode | Date last seen | Price effective from | Koha item type |
|---|---|---|---|---|---|---|---|---|---|---|---|---|---|
| Military College of Engineering (MCE) | Military College of Engineering (MCE) | 09/04/2014 | 673.3 COP | MCE-29996 | 09/04/2014 | 09/04/2014 | Book | ||||||
| Military College of Engineering (MCE) | Military College of Engineering (MCE) | 09/04/2014 | 673.3 COP | MCE-40 | 09/04/2014 | 09/04/2014 | Book |
